000 00440nam a2200193Ia 4500
003 OSt
005 20251119103715.0
008 250729s1939 xx 000 0 und d
020 _a978-1444191004
040 _cAL
041 _aeng
082 _a510.2 MOOT
100 _aMoore E T
_9224577
245 _aTeach yourself mathematics
260 _aLondon
_c1939
300 _a239p
650 _aMathematics
_9224578
942 _2ddc
_cBED
999 _c236479
_d236479